00505pab a2200169 454500008004000000100001900040245003600059260000900095300001300104362002200117650002000139650001600159773002300175909001100198999001900209952010700228180718b2015 xxu||||| |||| 00| 0 eng d aBaruah, Munin  aBureaucracy and good governance c2015 ap.89-93. aJan-Jun & Jul-Dec aGood governance aBureaucracy aReview of Politics a115866 c115860d115860 00104070aIIPAbIIPAd2018-07-19hVolume no: 23, Issue no: 1-2pAR116326r2018-07-19w2018-07-19yAR